[Event "S16 a S20"]
[Site "Cambrils"]
[Date "2023.04.05"]
[Round "8.1"]
[White "Alcala Gonzalez, Cesar"]
[Black "Marimon Rubia, Nil"]
[Result "1-0"]
[TimeControl "90'+30\""]
[WhiteFideId "24584878"]
[WhiteElo "2262"]
[BlackElo "2035"]

1. d4 {[%clk 01:30:57]} {[%emt 00:00:02]} Nf6 {[%clk 01:30:54]} {[%emt
00:00:07]} 2. c4 {[%clk 01:31:21]} {[%emt 00:00:06]} e6 {[%clk 01:31:19]}
{[%emt 00:00:04]} 3. Nc3 {[%clk 01:31:47]} {[%emt 00:00:04]} Bb4 {[%clk
01:31:44]} {[%emt 00:00:05]} 4. Qc2 {[%clk 01:31:38]} {[%emt 00:00:39]} d5
{[%clk 01:32:08]} {[%emt 00:00:07]} 5. a3 {[%clk 01:32:01]} {[%emt 00:00:07]}
Bxc3+ {[%clk 01:32:32]} {[%emt 00:00:05]} 6. Qxc3 {[%clk 01:32:25]} {[%emt
00:00:07]} O-O {[%clk 01:32:54]} {[%emt 00:00:08]} 7. e3 {[%clk 01:32:51]}
{[%emt 00:00:04]} dxc4 {[%clk 01:31:38]} {[%emt 00:01:46]} 8. Bxc4 {[%clk
01:33:11]} {[%emt 00:00:10]} b6 {[%clk 01:31:39]} {[%emt 00:00:30]} 9. Ne2
{[%clk 01:33:21]} {[%emt 00:00:19]} Bb7 {[%clk 01:30:37]} {[%emt 00:01:32]} 10.
f3 {[%clk 01:33:26]} {[%emt 00:00:26]} Nbd7 {[%clk 01:29:53]} {[%emt 00:01:13]}
11. O-O {[%clk 01:30:45]} {[%emt 00:03:11]} c5 {[%clk 01:27:41]} {[%emt
00:02:43]} 12. dxc5 {[%clk 01:28:16]} {[%emt 00:02:59]} bxc5 {[%clk 01:23:54]}
{[%emt 00:04:17]} 13. e4 {[%clk 01:25:51]} {[%emt 00:02:55]} Qc7 {[%clk
01:10:40]} {[%emt 00:13:44]} 14. Be3 {[%clk 01:25:46]} {[%emt 00:00:34]} Rac8
{[%clk 01:07:23]} {[%emt 00:03:47]} 15. Rac1 {[%clk 01:25:36]} {[%emt
00:00:40]} Nb6 {[%clk 00:55:56]} {[%emt 00:11:58]} 16. Rfd1 {[%clk 01:22:14]}
{[%emt 00:03:51]} Qc6 {[%clk 00:50:17]} {[%emt 00:06:09]} 17. Nf4 {[%clk
01:10:48]} {[%emt 00:11:55]} Nfd7 {[%clk 00:33:55]} {[%emt 00:16:53]} 18. Nd3
{[%clk 01:08:04]} {[%emt 00:03:14]} Kh8 {[%clk 00:28:39]} {[%emt 00:05:47]} 19.
Ne5 {[%clk 01:01:47]} {[%emt 00:06:46]} Nxe5 {[%clk 00:23:31]} {[%emt
00:05:38]} 20. Qxe5 {[%clk 01:02:11]} {[%emt 00:00:06]} Qa4 {[%clk 00:21:34]}
{[%emt 00:02:27]} 21. Ba2 {[%clk 00:59:05]} {[%emt 00:03:36]} c4 {[%clk
00:20:51]} {[%emt 00:01:14]} 22. h4 {[%clk 00:52:14]} {[%emt 00:07:21]} Ba6
{[%clk 00:16:54]} {[%emt 00:04:28]} 23. Bd4 {[%clk 00:46:20]} {[%emt 00:06:24]}
Rg8 {[%clk 00:15:53]} {[%emt 00:01:30]} 24. h5 {[%clk 00:45:15]} {[%emt
00:01:35]} Qb5 {[%clk 00:14:25]} {[%emt 00:01:59]} 25. Qxb5 {[%clk 00:43:43]}
{[%emt 00:02:01]} Bxb5 {[%clk 00:14:46]} {[%emt 00:00:08]} 26. h6 {[%clk
00:44:04]} {[%emt 00:00:09]} f6 {[%clk 00:14:31]} {[%emt 00:00:45]} 27. Bxb6
{[%clk 00:44:01]} {[%emt 00:00:34]} axb6 {[%clk 00:14:50]} {[%emt 00:00:12]} 28.
Rd6 {[%clk 00:44:22]} {[%emt 00:00:08]} gxh6 {[%clk 00:13:49]} {[%emt
00:01:31]} 29. Rxe6 {[%clk 00:42:15]} {[%emt 00:02:37]} Rcd8 {[%clk 00:13:28]}
{[%emt 00:00:51]} 30. Bxc4 {[%clk 00:37:26]} {[%emt 00:05:19]} Bxc4 {[%clk
00:06:48]} {[%emt 00:07:10]} 31. Rxc4 {[%clk 00:37:55]} Rd1+ {[%clk 00:07:11]}
{[%emt 00:00:07]} 32. Kf2 {[%clk 00:38:21]} {[%emt 00:00:04]} Rd2+ {[%clk
00:07:33]} {[%emt 00:00:08]} 33. Ke3 {[%clk 00:38:49]} {[%emt 00:00:02]} Rxb2
{[%clk 00:07:02]} {[%emt 00:01:01]} 34. g4 {[%clk 00:38:07]} {[%emt 00:01:13]}
Rb3+ {[%clk 00:07:00]} {[%emt 00:00:32]} 35. Kf4 {[%clk 00:38:36]} {[%emt
00:00:01]} Kg7 {[%clk 00:04:50]} {[%emt 00:02:40]} 36. Rc7+ {[%clk 00:38:26]}
{[%emt 00:00:40]} Kg6 {[%clk 00:05:14]} {[%emt 00:00:06]} 37. e5 {[%clk
00:38:51]} {[%emt 00:00:05]} Rf8 {[%clk 00:05:31]} {[%emt 00:00:13]} 38. Rcc6
{[%clk 00:38:38]} {[%emt 00:00:43]} Rxa3 {[%clk 00:02:22]} {[%emt 00:03:39]} 39.
Rxf6+ {[%clk 00:39:03]} {[%emt 00:00:04]} Rxf6+ {[%clk 00:02:40]} {[%emt
00:00:12]} 40. Rxf6+ {[%clk 00:39:32]} {[%emt 00:00:01]} Kg7 {[%clk 00:03:06]}
{[%emt 00:00:05]} 41. Rxb6 {[%clk 00:39:56]} {[%emt 00:00:06]} Rc3 {[%clk
00:02:40]} {[%emt 00:00:55]} 42. Ke4 {[%clk 00:40:03]} {[%emt 00:00:23]} Rc7
{[%clk 00:02:47]} {[%emt 00:00:23]} 43. f4 {[%clk 00:39:41]} {[%emt 00:00:53]}
Ra7 {[%clk 00:03:02]} {[%emt 00:00:15]} 44. Rd6 {[%clk 00:40:01]} {[%emt
00:00:09]} Rb7 {[%clk 00:03:18]} {[%emt 00:00:15]} 45. f5 {[%clk 00:39:29]}
{[%emt 00:01:02]} Ra7 {[%clk 00:02:35]} {[%emt 00:01:13]} 46. Kd5 {[%clk
00:39:35]} {[%emt 00:00:23]} h5 {[%clk 00:02:40]} {[%emt 00:00:24]} 47. gxh5
{[%clk 00:40:01]} {[%emt 00:00:05]} h6 {[%clk 00:03:02]} {[%emt 00:00:08]} 48.
Ke6 {[%clk 00:40:13]} {[%emt 00:00:18]} Ra5 {[%clk 00:03:04]} {[%emt 00:00:28]}
49. Rd7+ {[%clk 00:40:35]} {[%emt 00:00:08]} Kf8 {[%clk 00:03:04]} {[%emt
00:00:29]} 50. Kf6 {[%clk 00:40:58]} {[%emt 00:00:08]} Ke8 {[%clk 00:03:18]}
{[%emt 00:00:16]} 51. Rh7 {[%clk 00:41:22]} {[%emt 00:00:06]} 1-0

[Event "S16 a S20"]
[Site "Cambrils"]
[Date "2023.04.05"]
[Round "8.2"]
[White "Jimenez Munoz, Nicolas"]
[Black "Gonzalez Cobos, Arnau"]
[Result "1-0"]
[TimeControl "90'+30\""]
[WhiteFideId "32092172"]
[WhiteElo "2230"]
[BlackElo "1979"]

1. e4 {[%clk 01:30:58]} {[%emt 00:00:01]} c5 {[%clk 01:30:39]} {[%emt
00:00:22]} 2. Nf3 {[%clk 01:31:24]} {[%emt 00:00:04]} e6 {[%clk 01:30:46]}
{[%emt 00:00:23]} 3. g3 {[%clk 01:31:50]} {[%emt 00:00:04]} Nc6 {[%clk
01:30:12]} {[%emt 00:01:03]} 4. Bg2 {[%clk 01:32:14]} {[%emt 00:00:06]} Nf6
{[%clk 01:30:07]} {[%emt 00:00:35]} 5. Qe2 {[%clk 01:32:40]} {[%emt 00:00:04]}
e5 {[%clk 01:29:24]} {[%emt 00:01:13]} 6. c3 {[%clk 01:33:00]} {[%emt
00:00:10]} Be7 {[%clk 01:27:10]} {[%emt 00:02:43]} 7. d3 {[%clk 01:33:25]}
{[%emt 00:00:06]} O-O {[%clk 01:24:09]} {[%emt 00:03:31]} 8. Bg5 {[%clk
01:33:45]} {[%emt 00:00:10]} d6 {[%clk 01:21:18]} {[%emt 00:03:22]} 9. h3
{[%clk 01:33:38]} {[%emt 00:00:37]} Be6 {[%clk 01:20:19]} {[%emt 00:01:29]} 10.
O-O {[%clk 01:33:56]} {[%emt 00:00:11]} b5 {[%clk 01:17:07]} {[%emt 00:03:42]}
11. d4 {[%clk 01:29:32]} {[%emt 00:04:55]} Bc4 {[%clk 01:16:04]} {[%emt
00:01:34]} 12. Qe3 {[%clk 01:27:03]} {[%emt 00:02:59]} Bxf1 {[%clk 01:11:32]}
{[%emt 00:05:02]} 13. Bxf1 {[%clk 01:27:28]} {[%emt 00:00:04]} cxd4 {[%clk
01:11:05]} {[%emt 00:00:57]} 14. cxd4 {[%clk 01:26:49]} {[%emt 00:01:09]} exd4
{[%clk 01:10:56]} {[%emt 00:00:39]} 15. Nxd4 {[%clk 01:26:33]} {[%emt
00:00:47]} Nxd4 {[%clk 01:10:03]} {[%emt 00:01:22]} 16. Qxd4 {[%clk 01:27:02]}
{[%emt 00:00:01]} h6 {[%clk 01:09:12]} {[%emt 00:01:20]} 17. Be3 {[%clk
01:26:12]} {[%emt 00:01:20]} a6 {[%clk 01:08:23]} {[%emt 00:01:20]} 18. Nc3
{[%clk 01:25:27]} {[%emt 00:01:14]} Qd7 {[%clk 01:03:33]} {[%emt 00:05:20]} 19.
Rd1 {[%clk 01:24:09]} {[%emt 00:01:48]} Rfd8 {[%clk 01:02:10]} {[%emt
00:01:54]} 20. Qd3 {[%clk 01:17:51]} {[%emt 00:06:48]} b4 {[%clk 00:55:28]}
{[%emt 00:07:12]} 21. Ne2 {[%clk 01:16:13]} {[%emt 00:02:07]} Qe6 {[%clk
00:53:12]} {[%emt 00:02:46]} 22. Nd4 {[%clk 01:13:40]} {[%emt 00:03:03]} Qxe4
{[%clk 00:51:24]} {[%emt 00:02:18]} 23. Qb3 {[%clk 01:11:19]} {[%emt 00:02:51]}
Qb7 {[%clk 00:45:25]} {[%emt 00:06:30]} 24. Nf5 {[%clk 01:09:49]} {[%emt
00:02:00]} d5 {[%clk 00:38:49]} {[%emt 00:07:06]} 25. Bd4 {[%clk 01:10:04]}
{[%emt 00:00:14]} a5 {[%clk 00:30:26]} {[%emt 00:08:53]} 26. Qe3 {[%clk
01:04:24]} {[%emt 00:06:10]} Re8 {[%clk 00:16:00]} {[%emt 00:14:55]} 27. Nxh6+
{[%clk 01:04:50]} {[%emt 00:00:04]} Kf8 {[%clk 00:00:55]} {[%emt 00:15:35]} 28.
Nf5 {[%clk 01:04:51]} {[%emt 00:00:29]} Rec8 {[%clk 00:00:37]} {[%emt
00:00:49]} 29. Re1 {[%clk 01:03:45]} {[%emt 00:01:35]} Rc6 {[%clk 00:00:32]}
{[%emt 00:00:35]} 30. Qg5 {[%clk 01:02:27]} {[%emt 00:01:48]} Ne4 {[%clk
00:00:33]} {[%emt 00:00:29]} 31. Qxg7+ {[%clk 01:00:44]} {[%emt 00:02:13]} Ke8
{[%clk 00:01:00]} {[%emt 00:00:04]} 32. Qg8+ {[%clk 01:00:40]} {[%emt
00:00:33]} Kd7 {[%clk 00:00:59]} {[%emt 00:00:31]} 33. Qxf7 {[%clk 01:00:16]}
{[%emt 00:00:54]} Re6 {[%clk 00:01:06]} {[%emt 00:00:23]} 34. Nxe7 {[%clk
00:57:26]} {[%emt 00:03:20]} Rxe7 {[%emt 00:00:05]} 35. Qf5+ {[%clk 00:57:38]}
{[%emt 00:00:17]} Ke8 {[%clk 00:00:36]} {[%emt 00:01:25]} 36. f3 {[%clk
00:56:22]} {[%emt 00:01:46]} Nd6 {[%clk 00:01:02]} {[%emt 00:00:05]} 37. Qg6+
{[%clk 00:55:32]} {[%emt 00:01:19]} Kd7 {[%clk 00:00:40]} {[%emt 00:00:51]} 38.
Rxe7+ {[%clk 00:54:12]} {[%emt 00:01:51]} Kxe7 {[%clk 00:01:09]} {[%emt
00:00:01]} 39. Qg7+ {[%clk 00:54:29]} {[%emt 00:00:13]} Nf7 {[%clk 00:01:27]}
{[%emt 00:00:13]} 40. Bc5+ {[%clk 00:54:46]} {[%emt 00:00:13]} Ke6 {[%clk
00:00:41]} {[%emt 00:01:15]} 41. Qg6+ {[%clk 00:55:09]} {[%emt 00:00:07]} Kd7
{[%clk 00:00:31]} {[%emt 00:00:40]} 42. Qxf7+ {[%clk 00:55:22]} {[%emt
00:00:17]} Kc6 {[%clk 00:01:00]} {[%emt 00:00:01]} 43. Be7 {[%clk 00:54:55]}
{[%emt 00:00:58]} Qb6+ {[%clk 00:01:09]} {[%emt 00:00:21]} 44. Kg2 {[%clk
00:54:58]} {[%emt 00:00:26]} Qe3 {[%clk 00:01:32]} {[%emt 00:00:08]} 45. Qf6+
{[%clk 00:53:19]} {[%emt 00:02:08]} Kb7 {[%clk 00:01:47]} {[%emt 00:00:15]} 46.
h4 {[%clk 00:53:08]} {[%emt 00:00:41]} Qd2+ {[%clk 00:02:08]} {[%emt 00:00:09]}
47. Kh3 {[%clk 00:53:18]} {[%emt 00:00:20]} Qf2 {[%clk 00:02:31]} {[%emt
00:00:06]} 48. Bg2 {[%clk 00:53:24]} {[%emt 00:00:24]} Rg8 {[%clk 00:02:47]}
{[%emt 00:00:15]} 49. Bd6 {[%clk 00:53:24]} {[%emt 00:00:30]} Rc8 {[%clk
00:02:37]} {[%emt 00:00:40]} 50. f4 {[%clk 00:50:52]} {[%emt 00:03:02]} Rc2
{[%clk 00:02:39]} {[%emt 00:00:27]} 51. Bxd5+ {[%clk 00:50:28]} {[%emt
00:00:55]} Kc8 {[%clk 00:03:03]} {[%emt 00:00:06]} 52. Qf8+ {[%clk 00:50:44]}
{[%emt 00:00:14]} Kd7 {[%clk 00:03:28]} {[%emt 00:00:05]} 53. Qe7+ {[%clk
00:51:08]} {[%emt 00:00:06]} 1-0

[Event "S16 a S20"]
[Site "Cambrils"]
[Date "2023.04.05"]
[Round "8.3"]
[White "Serrano Batova, Vicent"]
[Black "Pardina Domenech, Victor"]
[Result "0-1"]
[TimeControl "90'+30\""]
[WhiteElo "2142"]
[BlackElo "1919"]

1. d4 {[%clk 01:30:58]} {[%emt 00:00:02]} c5 {[%clk 01:30:46]} {[%emt
00:00:15]} 2. d5 {[%clk 01:31:06]} {[%emt 00:00:21]} Nf6 {[%clk 01:31:05]}
{[%emt 00:00:11]} 3. Nf3 {[%clk 01:31:25]} {[%emt 00:00:11]} b5 {[%clk
01:31:00]} {[%emt 00:00:35]} 4. Bg5 {[%clk 01:31:47]} {[%emt 00:00:08]} Ne4
{[%clk 01:28:58]} {[%emt 00:02:31]} 5. Qd3 {[%clk 01:32:01]} {[%emt 00:00:16]}
Qa5+ {[%clk 01:28:46]} {[%emt 00:00:43]} 6. Nbd2 {[%clk 01:30:34]} {[%emt
00:01:58]} Nxg5 {[%clk 01:26:53]} {[%emt 00:02:22]} 7. Nxg5 {[%clk 01:30:53]}
{[%emt 00:00:10]} h6 {[%clk 01:25:54]} {[%emt 00:01:30]} 8. Ngf3 {[%clk
01:13:35]} {[%emt 00:17:49]} d6 {[%clk 01:25:14]} {[%emt 00:01:09]} 9. a4
{[%clk 01:00:53]} {[%emt 00:13:13]} Ba6 {[%clk 01:22:40]} {[%emt 00:03:04]} 10.
c3 {[%clk 00:57:28]} {[%emt 00:03:54]} b4 {[%clk 01:18:56]} {[%emt 00:04:15]}
11. c4 {[%clk 00:54:24]} {[%emt 00:03:35]} g6 {[%clk 01:15:58]} {[%emt
00:03:28]} 12. b3 {[%clk 00:53:01]} {[%emt 00:01:52]} Bg7 {[%clk 01:15:50]}
{[%emt 00:00:38]} 13. Rc1 {[%clk 00:53:18]} {[%emt 00:00:14]} Bc8 {[%clk
01:15:31]} {[%emt 00:00:50]} 14. e4 {[%clk 00:46:30]} {[%emt 00:07:18]} O-O
{[%clk 01:12:56]} {[%emt 00:03:04]} 15. Be2 {[%clk 00:44:34]} {[%emt 00:02:26]}
Qc7 {[%clk 01:12:29]} {[%emt 00:00:57]} 16. h3 {[%clk 00:43:29]} {[%emt
00:01:34]} e6 {[%clk 01:11:56]} {[%emt 00:01:03]} 17. dxe6 {[%clk 00:43:01]}
{[%emt 00:00:58]} Bxe6 {[%clk 01:12:03]} {[%emt 00:00:24]} 18. O-O {[%clk
00:42:01]} {[%emt 00:01:26]} Nc6 {[%clk 01:11:51]} {[%emt 00:00:45]} 19. Bd1
{[%clk 00:37:07]} {[%emt 00:05:24]} Rfe8 {[%clk 01:10:59]} {[%emt 00:01:22]} 20.
Bc2 {[%clk 00:35:19]} {[%emt 00:02:18]} Rad8 {[%clk 01:10:30]} {[%emt
00:00:59]} 21. Bb1 {[%clk 00:33:54]} {[%emt 00:01:56]} Kh7 {[%clk 01:09:04]}
{[%emt 00:01:55]} 22. Nh2 {[%clk 00:31:57]} {[%emt 00:02:27]} Bc3 {[%clk
01:06:04]} {[%emt 00:03:31]} 23. f4 {[%clk 00:29:13]} {[%emt 00:03:14]} f5
{[%clk 01:05:52]} {[%emt 00:00:42]} 24. g4 {[%clk 00:29:25]} {[%emt 00:00:18]}
Nd4 {[%clk 01:04:34]} {[%emt 00:01:47]} 25. exf5 {[%clk 00:11:47]} {[%emt
00:18:09]} gxf5 {[%clk 01:03:25]} {[%emt 00:01:39]} 26. Rxc3 {[%clk 00:11:35]}
{[%emt 00:00:42]} bxc3 {[%clk 01:03:25]} {[%emt 00:00:31]} 27. Ndf3 {[%clk
00:12:04]} Qg7 {[%clk 00:45:04]} {[%emt 00:18:50]} 28. Rd1 {[%clk 00:09:18]}
{[%emt 00:03:16]} Nxf3+ {[%clk 00:44:55]} {[%emt 00:00:39]} 29. Nxf3 {[%clk
00:09:41]} {[%emt 00:00:07]} Kh8 {[%clk 00:44:45]} {[%emt 00:00:40]} 30. g5
{[%clk 00:07:02]} {[%emt 00:03:09]} Bc8 {[%clk 00:44:19]} {[%emt 00:00:56]} 31.
Kf2 {[%clk 00:06:53]} {[%emt 00:00:40]} Bb7 {[%clk 00:43:31]} {[%emt 00:01:18]}
32. gxh6 {[%clk 00:05:36]} {[%emt 00:01:47]} Qf6 {[%clk 00:43:17]} {[%emt
00:00:43]} 33. Ng5 {[%clk 00:04:31]} {[%emt 00:01:35]} Be4 {[%clk 00:39:33]}
{[%emt 00:04:13]} 34. Qe2 {[%clk 00:00:36]} {[%emt 00:04:25]} Bxb1 {[%clk
00:38:30]} {[%emt 00:01:33]} 35. Qh5 {[%clk 00:01:05]} {[%emt 00:00:02]} Re7
{[%clk 00:38:26]} {[%emt 00:00:34]} 36. Rxb1 {[%clk 00:01:27]} {[%emt
00:00:09]} Qd4+ {[%clk 00:38:41]} {[%emt 00:00:14]} 37. Kg3 {[%clk 00:01:18]}
{[%emt 00:00:38]} Re3+ {[%clk 00:38:44]} {[%emt 00:00:27]} 38. Kg2 {[%clk
00:01:18]} {[%emt 00:00:31]} Rg8 {[%clk 00:35:15]} {[%emt 00:03:59]} 39. Rf1
{[%clk 00:00:31]} {[%emt 00:01:17]} Qe4+ {[%clk 00:25:53]} {[%emt 00:09:51]} 40.
Kh2 {[%clk 00:01:00]} {[%emt 00:00:02]} Rxg5 {[%clk 00:24:26]} {[%emt
00:01:57]} 41. fxg5 {[%clk 00:00:33]} {[%emt 00:00:56]} Re2+ {[%clk 00:24:41]}
{[%emt 00:00:16]} 42. Kg3 {[%clk 00:00:55]} {[%emt 00:00:07]} Rg2# {[%emt
00:00:05]} 0-1

[Event "S16 a S20"]
[Site "Cambrils"]
[Date "2023.04.05"]
[Round "8.4"]
[White "Lemeshev, Ilya"]
[Black "Funes Ostos, Aitor"]
[Result "1-0"]
[TimeControl "90'+30\""]
[WhiteElo "2088"]
[BlackElo "2125"]

1. e4 {[%clk 01:28:21]} {[%emt 00:02:39]} d6 {[%clk 01:30:45]} {[%emt
00:00:15]} 2. d4 {[%clk 01:28:45]} {[%emt 00:00:06]} g6 {[%clk 01:31:09]}
{[%emt 00:00:05]} 3. Nf3 {[%clk 01:28:28]} {[%emt 00:00:48]} Nf6 {[%clk
01:31:29]} {[%emt 00:00:10]} 4. Nc3 {[%clk 01:28:39]} {[%emt 00:00:20]} Bg7
{[%clk 01:31:52]} {[%emt 00:00:06]} 5. h3 {[%clk 01:25:25]} {[%emt 00:03:44]}
O-O {[%clk 01:31:14]} {[%emt 00:01:07]} 6. Bf4 {[%clk 01:22:58]} {[%emt
00:02:58]} Nc6 {[%clk 01:30:39]} {[%emt 00:01:05]} 7. e5 {[%clk 01:21:34]}
{[%emt 00:01:54]} dxe5 {[%clk 01:17:21]} {[%emt 00:13:47]} 8. dxe5 {[%clk
01:21:47]} {[%emt 00:00:18]} Nd7 {[%clk 01:16:41]} {[%emt 00:01:10]} 9. Qe2
{[%clk 01:19:18]} {[%emt 00:02:59]} Nc5 {[%clk 01:16:06]} {[%emt 00:01:04]} 10.
Rd1 {[%clk 01:17:32]} {[%emt 00:02:16]} Bd7 {[%clk 01:13:11]} {[%emt 00:03:25]}
11. g3 {[%clk 01:14:35]} {[%emt 00:03:26]} Qc8 {[%clk 01:10:13]} {[%emt
00:03:27]} 12. Bg2 {[%clk 01:12:56]} {[%emt 00:02:10]} Ne6 {[%clk 00:59:54]}
{[%emt 00:10:49]} 13. Bc1 {[%clk 01:11:20]} {[%emt 00:02:05]} Nb4 {[%clk
00:50:59]} {[%emt 00:09:25]} 14. a3 {[%clk 01:04:29]} {[%emt 00:07:22]} Na6
{[%clk 00:51:22]} {[%emt 00:00:06]} 15. h4 {[%clk 01:03:21]} {[%emt 00:01:38]}
h5 {[%emt 00:12:14]} 16. Bh3 {[%clk 00:51:25]} {[%emt 00:02:57]} c6 {[%clk
00:40:49]} {[%emt 00:08:48]} 17. g4 {[%clk 00:48:41]} {[%emt 00:03:14]} Nf4
{[%clk 00:34:56]} {[%emt 00:06:23]} 18. Bxf4 {[%clk 00:47:56]} {[%emt
00:01:15]} hxg4 {[%clk 00:35:17]} {[%emt 00:00:09]} 19. Bg2 {[%clk 00:44:01]}
{[%emt 00:04:25]} gxf3 {[%clk 00:35:42]} {[%emt 00:00:05]} 20. Bxf3 {[%clk
00:44:28]} {[%emt 00:00:03]} Bf5 {[%clk 00:31:24]} {[%emt 00:04:48]} 21. h5
{[%clk 00:42:24]} {[%emt 00:02:34]} Rd8 {[%clk 00:31:04]} {[%emt 00:00:49]} 22.
Rxd8+ {[%clk 00:42:14]} {[%emt 00:00:41]} Qxd8 {[%clk 00:31:33]} {[%emt
00:00:01]} 23. hxg6 {[%clk 00:42:06]} {[%emt 00:00:37]} Bxg6 {[%clk 00:29:59]}
{[%emt 00:02:05]} 24. e6 {[%clk 00:37:51]} {[%emt 00:04:45]} Qb6 {[%clk
00:26:59]} {[%emt 00:03:30]} 25. exf7+ {[%clk 00:33:10]} {[%emt 00:05:11]} Bxf7
{[%clk 00:26:48]} {[%emt 00:00:40]} 26. Be5 {[%clk 00:32:06]} {[%emt 00:01:35]}
Bf6 {[%clk 00:21:26]} {[%emt 00:05:51]} 27. b4 {[%clk 00:23:49]} {[%emt
00:08:47]} Nxb4 {[%clk 00:12:53]} {[%emt 00:09:04]} 28. axb4 {[%clk 00:23:39]}
{[%emt 00:00:40]} Qxb4 {[%clk 00:13:21]} {[%emt 00:00:01]} 29. Qe3 {[%clk
00:19:42]} {[%emt 00:04:27]} Qa5 {[%clk 00:08:56]} {[%emt 00:04:55]} 30. Rg1+
{[%clk 00:15:26]} {[%emt 00:04:45]} Kf8 {[%clk 00:09:05]} {[%emt 00:00:22]} 31.
Qh6+ {[%clk 00:15:33]} {[%emt 00:00:23]} Ke8 {[%clk 00:09:32]} {[%emt
00:00:02]} 32. Bxf6 {[%clk 00:15:49]} {[%emt 00:00:15]} exf6 {[%clk 00:08:20]}
{[%emt 00:01:42]} 33. Qxf6 {[%clk 00:15:53]} {[%emt 00:00:26]} Rd8 {[%clk
00:08:01]} {[%emt 00:00:49]} 34. Rh1 {[%clk 00:11:52]} {[%emt 00:04:32]} Qa1+
{[%clk 00:08:03]} {[%emt 00:00:27]} 35. Ke2 {[%clk 00:12:21]} Qa6+ {[%clk
00:08:03]} {[%emt 00:00:31]} 36. Ke3 {[%clk 00:12:43]} {[%emt 00:00:08]} Qb6+
{[%clk 00:07:49]} {[%emt 00:00:45]} 37. Kf4 {[%clk 00:12:04]} {[%emt 00:01:08]}
Qc7+ {[%clk 00:06:31]} {[%emt 00:01:48]} 38. Kg5 {[%clk 00:11:18]} {[%emt
00:01:15]} Qa5+ {[%clk 00:06:31]} {[%emt 00:00:30]} 39. Kg4 {[%clk 00:11:24]}
{[%emt 00:00:23]} Qb4+ {[%clk 00:05:17]} {[%emt 00:01:45]} 40. Ne4 {[%clk
00:10:32]} {[%emt 00:01:22]} Qe7 {[%clk 00:05:33]} {[%emt 00:00:15]} 41. Rh8+
{[%clk 00:10:43]} {[%emt 00:00:19]} Kd7 {[%clk 00:06:02]} {[%emt 00:00:01]} 42.
Nc5+ {[%emt 00:00:35]} 1-0